All Joyner Lucas Songs - Statistics

General Stats
  • This quiz has been taken 75 times
    24 since last reset
  • The average score is 30 of 153
Answer Stats
Album Song % Correct
ADHD ADHD
86%
ADHD ISIS
81%
508-507-2209 I'm Sorry
71%
Evolution Snitch
62%
ADHD Revenge
57%
508-507-2209 Winter Blues
52%
Evolution Zim Zimma
52%
Single #6 I'm Not Racist
48%
Evolution Like a River
48%
Listen to Me One
48%
Single #9 Your Heart
48%
ADHD Devil's Work
43%
Evolution Fall Slowly
43%
ADHD Finally
43%
Angels & Demons I Don't Die
43%
ADHD Lotto
43%
Angels & Demons Stranger Things
43%
ADHD Will
43%
ADHD 10 Bands
38%
Evolution Evolution
38%
Single #7 Frozen
38%
508-507-2209 Keep It 100
38%
508-507-2209 Ultrasound
38%
Single #13 Devil's Work 2
33%
Single #4 Happy Birthday
33%
Listen to Me Happy Birthday (Skit)
33%
ADHD I Love
33%
Evolution Legend
33%
Evolution On This Way
33%
Evolution The Problem
33%
ADHD The War
33%
Single #8 Dreams Unfold
29%
ADHD Gold Mine
29%
ADHD I Lied (Intro)
29%
Low Frequency Oscillators Intro (Key to Imagination)
29%
Along Came Joyner Intro (Skit)
29%
ADHD Kevin (Skit)
29%
Along Came Joyner Ross Capicchioni
29%
ADHD Screening Evaluation (Skit)
29%
Space Jam: A New Legacy (Original Motion Picture Soundtrack) Shoot My Shot
29%
Evolution Str8 Like Dat
29%
Evolution Tattle Tales (Skit)
29%
Single #14 Blackout
24%
ADHD Broke and Stupid
24%
ADHD Chris (Skit)
24%
ADHD Comprehensive Evaluation (Skit)
24%
Evolution Father's Day (Skit)
24%
508-507-2209 FYM
24%
508-507-2209 Just Like You
24%
508-507-2209 Look What You Made Me Do
24%
Single #11 Rambo
24%
508-507-2209 We Gon Be Alright
24%
Single #15 What's That?
24%
Evolution When I Grow Up (Intro)
24%
Single #10 Duck Duck Goose
19%
508-507-2209 Forever
19%
Along Came Joyner Half N***a
19%
508-507-2209 I Need More
19%
508-507-2209 Just Because
19%
Angels & Demons Just Let Go
19%
508-507-2209 Literally
19%
508-507-2209 Lovely
19%
508-507-2209 Lullaby
19%
Along Came Joyner Mansion
19%
Single #12 My Escape
19%
508-507-2209 One Lonely Night
19%
ADHD Still Can't Love
19%
Along Came Joyner The Feeling (Interlude)
19%
Evolution Things I've Seen
19%
508-507-2209 Way to Go
19%
Along Came Joyner All Over
14%
Along Came Joyner Beluxia (Skit)
14%
Along Came Joyner Bonfire (Skit)
14%
Along Came Joyner Don't Shoot
14%
Along Came Joyner Get In (Skit)
14%
Along Came Joyner Long Way
14%
Along Came Joyner Look Around Me
14%
Along Came Joyner Opposites Attract
14%
Along Came Joyner Riding Solo
14%
Along Came Joyner Rock Bottom
14%
Single #5 Say Hello to Adele
14%
Along Came Joyner She Don't Need Me
14%
Along Came Joyner She Know's
14%
Along Came Joyner Shooting Star
14%
Along Came Joyner That's OK
14%
Along Came Joyner WWJD
14%
Along Came Joyner Wwjd (Skit)
14%
Listen to Me 2morrow Night
10%
Listen to Me About Me
10%
Low Frequency Oscillators Ain't That Some Sh*t
10%
Listen to Me Beatin
10%
Low Frequency Oscillators Black Magic
10%
Listen to Me Circus
10%
Listen to Me Empty Bottles
10%
Low Frequency Oscillators Found a Way
10%
Listen to Me Go Hard
10%
Low Frequency Oscillators I Love You
10%
Low Frequency Oscillators I'm Not Sorry
10%
Listen to Me I Need It All
10%
Low Frequency Oscillators In One Peace
10%
Low Frequency Oscillators In Real Life
10%
Listen to Me It's All Good (Interlude)
10%
Listen to Me Leave Me Alone
10%
Listen to Me Listen to Me (Intro)
10%
Low Frequency Oscillators Negative Ego
10%
Listen to Me Nightmares
10%
Workprint: The Greatest Mixtape of All Time NO!
10%
Low Frequency Oscillators Tasha
10%
Low Frequency Oscillators The Cha Cha
10%
Listen to Me The Show
10%
Low Frequency Oscillators What Do They Know
10%
Listen to Me A Size Bigger
5%
Low Frequency Oscillators Bashar - Life After Death Skit
5%
Low Frequency Oscillators Bashar-Negative Ego Skit
5%
Workprint: The Greatest Mixtape of All Time Big Binoculars
5%
Workprint: The Greatest Mixtape of All Time Church
5%
Workprint: The Greatest Mixtape of All Time Cyber Punk
5%
Workprint: The Greatest Mixtape of All Time Cyrus Leaves (Outro)
5%
Workprint: The Greatest Mixtape of All Time Cyrus Says NO! 2 Drugs (Skits)
5%
Workprint: The Greatest Mixtape of All Time Cyrus Speaks (Intro)
5%
Workprint: The Greatest Mixtape of All Time Cyrus Talks MIXTAPES (Skit)
5%
Workprint: The Greatest Mixtape of All Time Daytona 2008
5%
Low Frequency Oscillators Dreams of You (Interlude)
5%
Workprint: The Greatest Mixtape of All Time Fake Friends
5%
Single #2 Finally Home
5%
Workprint: The Greatest Mixtape of All Time F.S Carry The R (Teaser Snippet)
5%
Listen to Me Gold Digger (Skit)
5%
Listen to Me Inject
5%
Single #3 Intervention
5%
Workprint: The Greatest Mixtape of All Time Montega
5%
Low Frequency Oscillators My Queen
5%
Workprint: The Greatest Mixtape of All Time New Machines
5%
Workprint: The Greatest Mixtape of All Time NJ/Mass State of Mind
5%
Low Frequency Oscillators Outro
5%
Workprint: The Greatest Mixtape of All Time Pow Pow
5%
Workprint: The Greatest Mixtape of All Time Radio Homicide
5%
Workprint: The Greatest Mixtape of All Time Rappin, On Acid
5%
Listen to Me Robert Todd (Skit)
5%
Workprint: The Greatest Mixtape of All Time Sheen Philips WSHA 88.9 Promo
5%
Workprint: The Greatest Mixtape of All Time Sickfit
5%
Listen to Me Synthetic Substitution
5%
Workprint: The Greatest Mixtape of All Time The Champ
5%
Workprint: The Greatest Mixtape of All Time THE MIDNIGHT MOVIE SUPER PLUG (Skit)
5%
Low Frequency Oscillators The Power of Now
5%
Workprint: The Greatest Mixtape of All Time The Real
5%
Workprint: The Greatest Mixtape of All Time Three Wise Men
5%
Workprint: The Greatest Mixtape of All Time Timbz and Hoodies
5%
Workprint: The Greatest Mixtape of All Time Time Freezer
5%
Workprint: The Greatest Mixtape of All Time Walk with Us
5%
Workprint: The Greatest Mixtape of All Time Websters
5%
Workprint: The Greatest Mixtape of All Time Words from L.A. (Skit)
5%
Workprint: The Greatest Mixtape of All Time WSHA 88.9 Freestyle
5%
Single F*ck Your Feelings
0%
No matching quizzes found
Score Distribution
Percent of People with Each Score
Percentile by Number Answered
Your Score History
You have not taken this quiz since the last reset